Cargando...

South Indian factory workers: their life and their world /

Detalles Bibliográficos
Autor Principal: Holmstrom, Mark
Formato: Printed Book
Idioma:English
Publicado: Bombay : Allied, 1978.
Series:Cambridge South Asiam studies
LEADER 00534nam a2200145Ia 4500
008 150624b xxu||||| |||| 00| 0 eng d
082 |a 305.5620955 
100 |a Holmstrom, Mark 
245 |a South Indian factory workers:  |b their life and their world /  |c Mark Holmstrom 
260 |a Bombay :  |b Allied,  |c 1978. 
300 |a 158 p. 
490 |a Cambridge South Asiam studies 
942 |c BK 
999 |c 23143  |d 23143 
952 |0 0  |1 0  |4 0  |6 305_562095487000000_HOL_S  |7 0  |9 23142  |a UL  |b UL  |c ST2  |d 1998-08-28  |l 0  |o 305.562095487 HOL/S  |p 34059  |r 2012-10-27  |w 2012-10-27  |y BK